Orbital (Record no. 38163)

MARC details
000 -LEADER
fixed length control field 00833nam a22001817a 4500
020 ## - INTERNATIONAL STANDARD BOOK NUMBER
ISBN 978-1787334342
082 ## - DEWEY DECIMAL CLASSIFICATION NUMBER
Classification number 823 HAR
100 ## - MAIN ENTRY--AUTHOR NAME
Personal name Samantha Harvey
245 ## - TITLE STATEMENT
Title Orbital
250 ## - EDITION STATEMENT
Edition statement 1
260 ## - PUBLICATION, DISTRIBUTION, ETC. (IMPRINT)
Name of publisher Vintage
Place of publication United Kingdom
Year of publication 2025
300 ## - PHYSICAL DESCRIPTION
Number of Pages Hardcover ‏ : ‎ 144 pages
Other physical details Item Weight ‏ : ‎ 229 g Dimensions ‏ : ‎ 13.6 x 1.7 x 20.6 cm
520 ## - SUMMARY, ETC.
Summary, etc Orbital by Samantha Harvey is a 2024 Booker Prize-winning, contemplative novel following six astronauts and cosmonauts aboard the International Space Station for a single day (16 orbits). It explores themes of existentialism, environmentalism, grief, and human connection while observing Earth's fragility, beauty, and borderless nature from space.
546 ## - LANGUAGE NOTE
Language note Language ‏ : ‎ English
650 ## - SUBJECT ADDED ENTRY--TOPICAL TERM
Topical Term GEN
942 ## - ADDED ENTRY ELEMENTS (KOHA)
Koha item type Text Book
952 ## - LOCATION AND ITEM INFORMATION (KOHA)
Damaged status
Not for loan
Holdings
Withdrawn status Collection code Permanent Location Current Location Date acquired Source of acquisition Cost, normal purchase price Inventory number Full call number Accession Number Price effective from Koha item type
  GENERAL VAST Central Library VAST Central Library 16/12/2025 Minerva Books 499.00 97 823 HAR 38311 26/12/2025 Text Book